书目信息 |
| 题名: |
雕塑
|
|
| 作者: | 王黎明 著 | |
| 分册: | ||
| 出版信息: | 济南 山东美术出版社 1998 |
|
| 页数: | 36页 | |
| 开本: | 26cm | |
| 丛书名: | 金手指美术自学丛书 | |
| 单 册: | ||
| 中图分类: | J31 | |
| 科图分类: | ||
| 主题词: | 雕塑--技法(美术) , 雕塑 , 技法(美术) , 雕塑--世界--画册 | |
| 电子资源: | ||
| ISBN: | 7-5330-1266-6 | |
| 000 | 00679oam2 2200265 450 | |
| 001 | 1575770116 | |
| 005 | 20150130210337.07 | |
| 010 | @a7-5330-1266-6@dCNY9.80 | |
| 100 | @a19990628d1998 em y0chiy0110 ea | |
| 101 | 0 | @achi |
| 102 | @aCN@b370000 | |
| 105 | @aa z 000yy | |
| 200 | 1 | @a雕塑@9diao su@f王黎明著 |
| 210 | @a济南@c山东美术出版社@d1998 | |
| 215 | @a36页@d26cm | |
| 225 | 2 | @a金手指美术自学丛书 |
| 461 | 0 | @12001 @a金手指美术自学丛书 |
| 606 | 0 | @a雕塑@x技法(美术) |
| 606 | 0 | @a雕塑 |
| 606 | 0 | @a技法(美术) |
| 606 | 0 | @a雕塑@y世界@x画册 |
| 690 | @aJ31@v5 | |
| 701 | 0 | @a王黎明@9wang li ming@4著 |
| 801 | 0 | @aCN@bTSSF@c20150130 |
| 905 | @aZUCC@dJ31@eJY9 | |
| 雕塑/王黎明著.-济南:山东美术出版社,1998 |
| 36页;26cm.-(金手指美术自学丛书) |
| ISBN 7-5330-1266-6:CNY9.80 |
| ● |
| 相关链接 |
|
|
|
|
正题名:雕塑
索取号:J31/JY9
 
预约/预借
| 序号 | 登录号 | 条形码 | 馆藏地/架位号 | 状态 | 备注 |
| 1 | 7862120 | 278621207 | 学院路分馆/ [索取号:J31/JY9] | 在馆 | |
| 2 | 7862121 | 278621216 | 学院路分馆/ [索取号:J31/JY9] | 在馆 | |
| 3 | 7862122 | 278621225 | 学院路分馆/ [索取号:J31/JY9] | 在馆 |